Регионална библиотека "Любен Каравелов" - Русе

Художниците (Запис номер 428263)

MARC детайли
000 -Лидер
Контролно поле с фиксирана дължина nam a22 a 4500
003 - Код на организацията, давaща контролен номер
Контролно поле BLK
005 - Дата и час на последна редакция
Контролно поле 20210813080933.0
008 - Елементи от данни с фиксирана дължина
fixed length control field 210623b bu |||||r|||| 00| 0 bu d
040 ## - Източник на каталожния запис
Идентификатор на билиотеката - собственик на записа BLK
041 ## - Код за език
Код за езика на текст/звукозапис или на отделно заглавие Български
Код за езика КДБФ Български
080 ## - УДК
Текстов определител УДК Руска литература
УДК код - определител по УДК 821.161.1
УДК определител -32
УДК - код + определител 821.161.1-32
100 ## - Редна дума - Автор
R(LIN) 1299
Автор Гаршин, Всеволод Михайлович
Авторска отговорност първи автор
139 ## - Редно поле
Редна дума Гаршин, Всеволод Михайлович
Авторски знак Гар - Г 23
245 ## - Сведения за заглавието
Заглавие Художниците
Подзаглавни данни Разкази
Редно поле (дума) Всеволод Михайлович Гаршин
260 ## - Област на издателските данни
9 (RLIN) 217038
Място на издаване, разпространение и проч. Шумен
Име на издателя, разпространителя и проч. Почивка
Година на издаване 1895
300 ## - Физическа характеристика
Страници 27, 24 с.
Размери/Мащаб 22 см
380 ## - Жанр
Жанр Худож. лит.
490 ## - СЕРИИ (Колекции)
9 (RLIN) 435080
Име на серия Колекция Редки и ценни издания
505 ## - Форматирана забележка
Заглавие Съдържа и: Отколешен портрет / Пол Бурже ; прев. от фр. Емилия П. Басан ; Амнистия. исп. разказ ; Детински празник и сватба / М. Достоевский . Славянските жени . Теодора (Сърбкиня) / Захер-Мозох; прев. от фр.
852 ## - Местоположение
Форматна сигнатура Рб 895
Фондова буква Редки и ценни
999 ## - СИСТЕМНИ КОНТРОЛНИ НОМЕРА
Koha biblionumber 428263
Koha biblioitemnumber 428263
942 ## - АРТИКУЛИ
Вид на библиотечния материал Книги
Скрит в OPAC Не
Периодичен библиозапис Да
944 ## - СЪЗДАВАНЕ И РЕДАКЦИЯ на ЗАПИСА
Създаване/Редакция Създаване
Дата на регистрацията/редакция 2021-08-13
Служител, извършил регистрацията/редакцията нр
Наличности
Код за отписване Код за изгубен артикул Източник на класификационната схема Код за повреда Коз за рестрикции Код за отдаване Артикулен № Име на библиотеката - собственик Име на библиотеката, в която се намира в момента Статус (Текущо местоположение) Дата на вписване в системата Местоположение - отдел Цена в лева Инвентарен номер Систематично азбучна сигнатура Баркод Цена в евро Служебен тип на артикула
  Не е изгубен Universal Decimal Classification Не е повреден само за читалня Специални фондове ( старопечатни, редки и ценни, фонд М. Арнаудов) 852918 Регионална библиотека "Любен Каравелов" Русе Регионална библиотека "Любен Каравелов" Русе Редки и ценни 2021-09-17 Редки и ценни 0.02 1213 Рб 895 900000074176 0.01 Книги
Vip Innovations Ltd, Rousse, Bulgaria 2025